A thousand miles up the Nile /

محفوظ في:

المؤلف الرئيسي: Edwards, Amelia B., 1831-1892 (مؤلف)

مؤلفون آخرون: Crewe, Quentin.

التنسيق: كتاب

اللغة: English

منشور في: London : Century, 1989.

الموضوعات:

الوسوم: إضافة وسم

لا توجد وسوم, كن أول من يضع وسما على هذه التسجيلة!

رقم الطلب: DT54 .E26 1989

LEADER 00921cam a22002651i 4500
003 OSt
005 20260429084357.0
008 820113s1989 enka b 000 0 eng
020 |a 0712630295 
040 |c ARCE Library 
043 |a f-ua--- 
050 4 |a DT54 .E26 1989 
100 1 |a Edwards, Amelia B.,  |d 1831-1892,  |e author 
245 1 2 |a A thousand miles up the Nile /  |c Amelia B. Edwards ; introduction by Quentin Crewe. 
264 1 |a London :  |b Century,  |c 1989. 
300 |a xxvi, 499 pages :   |b illustrations ;   |c 21 cm. 
500 |a "First published in 1877 by Longmans". 
500 |a This edition first published in 1982 by Century, an imprint of Century Hutchinson Ltd. 
504 |a Includes bibliographical references. 
651 0 |a Egypt  |x Description and travel. 
651 0 |a Nile River Valley   |x Description and travel. 
700 1 |a Crewe, Quentin. 
901 |a reviewed 
942 |2 lcc  |c BK 
999 |c 55213  |d 55213